000 00643nam a2200229Ia 4500
003 OSt
005 20220918230013.0
006 a|||||r|||| 00| 0
007 ta
008 220917b |||||||| |||| 00| 0 eng d
024 _a247,738
037 _cTextual
040 _aARTS
_cARTS
_beng
041 _2eng
_aeng
082 _aX8(KZ332):(B)p1,N79, M1
100 _aHaley K.Brian Ed.
_9151693
245 0 _aApplied operations research in fishing
260 _aNew York
_bPlenum Press USA
_c1981
650 _aECONOMICS
942 _hX8(KZ332):(B)p1,N79, M1
_cTEXL
_2CC
999 _c286739
_d286739